000
00333nam a2200145Ia 4500
008
100122s9999 xx 000 0 und d
082
_b
69205
_a
823
100
_a
COBEN HARLAN
245
_a
THE INNOCENT
260
_b
ORION PAPERBACKS
_c
2005
300
_a
439
630
_a
THE INNOCENT
730
_a
THE INNOCENT
942
_c
BOOK
999
_c
381603
_d
381600